El derecho de empresa : (Registro nro. 30246)

Detalles MARC
000 -LEADER
fixed length control field 01479nam a2200241Ia 4500
003 - CONTROL NUMBER IDENTIFIER
control field CO-CtgCURN
005 - DATE AND TIME OF LATEST TRANSACTION
control field 20250409210222.0
008 - FIXED-LENGTH DATA ELEMENTS--GENERAL INFORMATION
fixed length control field 190725s9999 xx 000 0 und d
020 ## - INTERNATIONAL STANDARD BOOK NUMBER
International Standard Book Number 9588087570
040 ## - CATALOGING SOURCE
Original cataloging agency CO-CtgCURN
Language of cataloging spa
Transcribing agency coctgcurn
082 ## - DEWEY DECIMAL CLASSIFICATION NUMBER
Classification number 331.2164
Item number L864
100 ## - MAIN ENTRY--PERSONAL NAME
Personal name López Guzmán, Fabian
9 (RLIN) 8496
Relator term autor
245 #0 - TITLE STATEMENT
Title El derecho de empresa :
Remainder of title la participación de los trabajadores /
Statement of responsibility, etc. Fabian López Guzmán
260 ## - PUBLICATION, DISTRIBUTION, ETC.
Place of publication, distribution, etc. Bogotá, Colombia :
Name of publisher, distributor, etc. Grupo Editorial Ibáñez,
Date of publication, distribution, etc. 2001
300 ## - PHYSICAL DESCRIPTION
Extent 141 páginas ;
Dimensions 20 centímetros
505 ## - FORMATTED CONTENTS NOTE
Formatted contents note Consideraciones previas -- ¿Qué es la cogestión? -- Panorama histórico general? -- Teorías sobre la congestión -- La congestión en Colombia -- Alcance de la norma constitucional -- Jurisprudencia de la Corte Constitucional sobre el articulo 57 de la Constitución -- Jurisprudencia C-745 de 1998 de la Corte Constitucional sobre el articulo 57 de la Constitución -- Propuesta acerca de la reglamentación del articulo 57 de la Constitución -- Participación en algunos países del mundo -- La empresa como factor de producción al interior del sistema capitalista -- El derecho de empresa
521 ## - TARGET AUDIENCE NOTE
Target audience note AREA SOCIOHUMANISTICA
590 ## - LOCAL NOTE (RLIN)
Local note Todos los programas acádemicos
650 ## - SUBJECT ADDED ENTRY--TOPICAL TERM
Topical term or geographic name entry element Gestión empresarial
9 (RLIN) 8497
650 ## - SUBJECT ADDED ENTRY--TOPICAL TERM
Topical term or geographic name entry element Participación en la administración de empresas
9 (RLIN) 8498
942 ## - ADDED ENTRY ELEMENTS (KOHA)
Koha item type Libros
Classification part 331.2164
Item part L864
Source of classification or shelving scheme Dewey Decimal Classification
Existencias
Withdrawn status Lost status Source of classification or shelving scheme Damaged status Not for loan Collection Home library Current library Shelving location Date acquired Inventory number Total checkouts Full call number Barcode Date last seen Copy number Price effective from Koha item type
    Dewey Decimal Classification       Miguel Henríquez Castañeda Barranquilla Miguel Henríquez Castañeda Barranquilla General 05/23/2018 02273   331.2164 L864 02273 07/25/2019 ej.1 07/25/2019 Libros